Normal view MARC view
  • Architecture

Entry Topical Term

Number of records used in: 1

001 - CONTROL NUMBER

  • control field: 132958

003 - CONTROL NUMBER IDENTIFIER

  • control field: NUST

005 - DATE AND TIME OF LATEST TRANSACTION

  • control field: 20260129102551.0

008 - FIXED-LENGTH DATA ELEMENTS

  • fixed length control field: 260129|| aca||aabn | a|a d

040 ## - CATALOGING SOURCE

  • Original cataloging agency: NUST
  • Transcribing agency: NUST

150 ## - HEADING--TOPICAL TERM

  • Topical term or geographic name entry element: Architecture
  • General subdivision: Environmental aspects
  • Geographic subdivision: United States
  • Form subdivision: Catalogs

670 ## - SOURCE DATA FOUND

  • Source citation: Work cat.: (NUST)353414: Manfredi, Michael A., 1953- 132954, Weiss/Manfredi :, c2008.
© 2023 Central Library, National University of Sciences and Technology. All Rights Reserved.